Sportarten mit "C" - Statistiken

Allgemein
  • Dieses Quiz wurde 58 mal gespielt
  • Das Durchschnittsergebnis liegt bei 2 aus 21
Antwortstatistiken
Art Sportart % Korrekt
Präzisionssport Curling
83%
Schlagballspiel Cricket
66%
Kampf & Tanz Capoeira
15%
Turnen & Tanzakrobatik Cheerleading
13%
Mehrkampfsport CrossFit
8%
Kraftsport & Akrobatik Calisthenics
4%
Natursport Canyoning
4%
Präzisionssport Carambol
4%
Präzisionssport Croquet
4%
Torspiel Cageball
2%
Turnen Callanetics
2%
Schießen Combatschießen
2%
Präzisionssport Crossgolf
2%
Radsport Cyclocross
2%
Torspiel Camogie
0%
Torspiel Canadian Football
0%
Präzisionssport Casting
0%
Geschicklichkeit & Tanz Chinlone
0%
Pferdesport Cirit
0%
Schlagballspiel Cricko
0%
Torspiel Cubbies
0%
Keine übereinstimmenden Quizze gefunden
Verteilung der Resultate
Anzahl Personen mit jedem Resultat
Perzentil nach korrekt beantworteten Fragen
Ihre Resultats-Entwicklung
Sie haben dieses Quiz noch nicht gespielt